Waluty państw świata - Statystyki

Ogólne statystyki
  • Ten quiz został rozwiązany 526 razy
  • Średni wynik to 6 z 12
Statystyki odpowiedzi
Państwa Waluta % Poprawnych
Francja Euro
98%
Polska Złoty
94%
Szwecja Korona
77%
Turcja Lira
55%
Urugwaj Peso
55%
Indie Rupia
53%
Australia Dolar Australijski
51%
Chiny Juan
46%
Brazylia Real
40%
Sudan Dinar
21%
Kanada Dolar Amerykański
20%
Iran Rial Irański
10%
Nie znaleziono quizów pasujących do podanych kryteriów
Rozkład punktacji
Procent ludzi z każdym wynikiem
Percentyl według liczby udzielonych odpowiedzi
Twoja historia wyników
Nie rozwiązałeś tego quizu